000 00401 a2200157 4500
999 _c5910
_d5910
020 _a9780007429059
050 _aQA 805 GRA 1995
100 _aGrahan, Ted
_eauthor
245 _aMechanics
_cTed Graham
264 _aLondon :
_bHapper Collins
_c1995
300 _a396p. :
_bill.
500 _aText
650 _aMechanics
650 _aMechanics -- Problems, Exercises
942 _2lcc
_cBK
_h805
_iGRA
_kQA